History Quiz

Random History or Clickable Quiz

Longest Reigning English Monarchs Quiz Stats

 Plays Quiz Updated Mar 2, 2014

Support Sporcle.
Go Orange.
Score 0/20 Timer 04:00
0 Plays Today
% Correct
Elizabeth II
95.8%
Victoria
91.2%
Elizabeth I
91%
Henry VIII
89.4%
George III
73.3%
George V
65.1%
Edward I
58%
James I
57.9%
Edward III
56.8%
Charles II
56.5%
% Correct
William I
55.3%
George II
54.9%
Henry VII
53.1%
Charles I
52%
Richard II
48.9%
Henry II
48.3%
Henry III
47.1%
Henry I
45.4%
Edward IV
44.5%
Henry VI
43.2%

From the Vault

The Correct Combination: World Countries

by kfastic

Only true Geography buffs will get 100% on this quiz.
Remove Ads.
Support Sporcle.
Get the best of Sporcle when you Go Orange. This ad-free experience offers more features, more stats, and more fun while also helping to support Sporcle. Thank you for becoming a member.

Show Comments

Extras

Top Quizzes Today


Score Distribution

Your Account Isn't Verified!

In order to create a playlist on Sporcle, you need to verify the email address you used during registration. Go to your Sporcle Settings to finish the process.

Report this User

Report this user for behavior that violates our Community Guidelines.

Details: